000 01036naa a22002897a 4500
001 BR8804196
003 BR-BrBNA
005 20240918180234.0
007 ta
008 230509b bl.||||| |||| 00| 0 por d
040 _aBR-BrBNA
_bpor
_cBiblioteca Nacional de Agricultura
041 _a(Pt)
072 _aU10; P10
_b/G514
_bGZ35
090 _aU10 BR8804196
100 1 _aMendonca, A.S.
111 1 _a1. Congresso de Irrigacao e Drenagem
_cTeresina, PI (Brazil)
_d2-4 Jun 1982
245 1 _aAplicacao computacional do metodo de NASH (H.U)a bacias hidrograficas
260 3 _aTeresina, PI (Brasil):
_c1982.
500 _aAnais do 1. Congresso de Irrigacao e Drenagem Teresina, PI (Brasil): 1982. p. 139-161 (BR8804196-AM)U10
650 _aBACIA HIDROGRAFICA
650 _aESCOAMENTO
650 _aMODELO MATEMATICO
650 _aCOMPUTADOR
773 0 _tAnais do 1. Congresso de Irrigacao e Drenagem
_wU10 BR8804196
_gTeresina, PI (Brasil), 1982. p. 139-161
909 _a202404
_bLucia
_c55
_dLucia Elande
942 _cAM
_2AGRIS
999 _c319459
_d319459